| Tag |
First Indicator |
Second Indicator |
Subfields |
| LEADER |
00000cam a2200000Ii 4500 |
| 001 |
in00004067821 |
| 005 |
20191021075945.0 |
| 008 |
190401t20192019vra b 001 0 eng d |
| 020 |
|
|
|a 1925801659
|q paperback
|
| 020 |
|
|
|a 9781925801651
|q paperback
|
| 035 |
|
|
|a (OCoLC)on1090910794
|
| 040 |
|
|
|a YDX
|e rda
|c YDX
|d VMI
|d BWK
|d UtOrBLW
|
| 043 |
|
|
|a u-at-ne
|a e-uk---
|a s-ag---
|
| 049 |
|
|
|a TXAM
|
| 050 |
|
4 |
|a DU170
|b .H37 2019
|
| 082 |
0 |
|
|a 994.402
|2 23
|
| 100 |
1 |
|
|a Hardie, Elsbeth,
|e author.
|
| 245 |
1 |
4 |
|a The passage of the damned :
|b what happened to the men and women of the Lady Shore mutiny /
|c Elsbeth Hardie.
|
| 264 |
|
1 |
|a North Melbourne, Victoria :
|b Australian Scholarly Publishing,
|c [2019]
|
| 264 |
|
4 |
|c ©2019
|
| 300 |
|
|
|a vi, 245 pages ;
|c 23 cm.
|
| 336 |
|
|
|a text
|b txt
|2 rdacontent
|
| 337 |
|
|
|a unmediated
|b n
|2 rdamedia
|
| 338 |
|
|
|a volume
|b nc
|2 rdacarrier
|
| 504 |
|
|
|a Includes bibliographical references and index.
|
| 520 |
|
|
|a In an extraordinary move, in 1797, the British government pressed a small group of French and German prisoners of war into the New South Wales Corps, gave them firearms and placed them as guards on a ship carrying sixty-six convict women and two convict men to New South Wales. The result was a mutiny some months into the voyage in which the captain of the Lady Shore was killed and the fates of all those on board were tied together when the ship was taken to South America. The true story of what happened to those on board is told here in detail for the first time, in part through the eyes of sailor George Drinkald whose fascinating and articulate first-hand testimony has recently emerged.
|
| 651 |
|
0 |
|a New South Wales
|x History.
|0 http://id.loc.gov/authorities/subjects/sh90001495
|
| 650 |
|
0 |
|a Penal colonies
|z Australia
|z New South Wales
|x History.
|
| 650 |
|
0 |
|a Women prisoners
|z Australia
|z New South Wales.
|
| 650 |
|
0 |
|a Mutiny
|z Great Britain
|x History
|y 18th century.
|
| 650 |
|
0 |
|a English
|z Argentina
|x History.
|
| 945 |
|
|
|b 109265
|
| 947 |
|
|
|a A14850823650
|
| 948 |
|
|
|a cataloged
|b h
|c 2019/8/1
|d c
|e dmitchel
|f 2:10:20 pm
|
| 994 |
|
|
|a 92
|b TXA
|
| 999 |
f |
f |
|s 334d9737-5d8c-3aaa-aa32-edf846077d54
|i 4d36565b-c5fe-3e77-abe0-815adf62749d
|t 0
|
| 952 |
f |
f |
|p normal
|a Texas A&M University
|b College Station
|c Sterling C. Evans Library
|d Evans: Library Stacks
|t 0
|e DU170 .H37 2019
|h Library of Congress classification
|i unmediated -- volume
|m A14850823650
|
| 998 |
f |
f |
|a DU170 .H37 2019
|t 0
|l Evans: Library Stacks
|